Responses for Show #8024 - Thursday, June 27, 2019

2019 Teen Tournament final game 1.

Contestants

[<< previous game]

Ryan Presler, an eighth grader from Sioux Falls, South Dakota

Lucas Miner, a junior from Miami, Florida

Avi Gupta, a senior from Portland, Oregon

[next game >>]

Jeopardy! Round responses

IN & AROUND THE STATE CAPITAL
BUSINESS PAIRS
MASKS
ON YOUTUBE
THE 1600s
THAT'S SO CLICHE
    $200 16
Juneau (Alaska)

Lucas
    $200 3
Buster

Avi
    $200 21
the Black Plague

Ryan
    $200 1
Justin Timberlake

Triple Stumper
    $200 10
Russia

Avi
    $200 26
a hat

Avi
    $400 17
Springfield

Lucas
    $400 4
(Lucas: What is Ben & Jerry's?)

Baskin-Robbins

AviLucas
    $400 22
comedy and tragedy

Ryan
    $400 2
Bethany Mota

Triple Stumper
    $2,000 11
Pocahontas

Avi
    $400 27
a weed

Ryan
    $600 18
Salt Lake City

Avi
    $600 5
Royce

Avi
    $600 23
The Phantom of the Opera

Ryan
    $600 8
John Green

Avi
    $600 12
a miser

Avi
    $600 28
peas in a pod

Ryan
    $800 19
Providence

Ryan
    $800 6
Barnes and Noble

Avi
    $800 24
France

Ryan
    $800 9
Miley Cyrus

Lucas
    $800 13
Harvard

Avi
    $800 29
high water

Avi
    $1000 20
Harrisburg (Pennsylvania)

Lucas
    $1000 7
A&W

Avi
    $1000 25
the Day of the Dead

Lucas
    $1000 15
"Despacito"

Avi
    $1000 14
the Cape of Good Hope

Avi
    $1000 30
to jog

Lucas

Scores at the first commercial break (after clue 15):

Avi Lucas Ryan
$9,200 $400 $0

Scores at the end of the Jeopardy! Round:

Avi Lucas Ryan
$10,800 $4,000 $3,800

Double Jeopardy! Round responses

WOMEN SOLDIERS
A BIT OF LIT
FIRST NAMES WITH DOUBLE LETTERS
SPACE SCIENCE
FROM THE GREEK
A GEM OF A TALE
    $400 4
the American Revolution

Lucas
    $400 1
Hemingway

Avi
    $400 15
Emma

Lucas
    $400 11
constellations

Lucas
    $400 20
dialogue

Ryan
    $400 26
a lightsaber

Lucas
    $800 5
Sparta

Ryan
    $800 2
Beowulf

Avi
    $800 16
a Willow

Avi
    $800 12
the Sun

Lucas
    $800 21
acoustics

Lucas
    $800 27
Titanic

Ryan
    $1200 6
Kansas

Triple Stumper
    $1200 3
Persepolis

Triple Stumper
    $1200 17
Charlotte

Avi
    $1200 13
Neptune

Ryan
    $1200 22
helicopter

Ryan
    $1200 28
Tolkien

Ryan
    $1600 7
the Apache

Ryan
    $2,000 9
the albatross

Ryan
    $1600 18
Holly

Lucas
    $1600 14
a supernova

Avi
    $1600 23
etymology

Avi
    $1600 29
Steven Universe

Ryan
    $2000 8
(Avi: What is Fort Sumter?)

Fort Benning

Avi
Triple Stumper
    $2000 10
Esperanza Rising

Triple Stumper
    $2000 24
Shannon

Triple Stumper
    $1,400 19
(Lucas: What is... a radius?)

a parsec

Lucas
    $2000 25
a gamete

Avi
    $2000 30
Infinity Stones

Ryan

Scores at the end of the Double Jeopardy! Round:

Avi Lucas Ryan
$17,200 $7,400 $16,600

Final Jeopardy! Round responses

INTERNATIONAL ORGANIZATIONS
(Alex: [To Lucas] Article 5 states that when one member is attacked, all members are considered to be attacked.)
LucasWhat is NATO?
$7,400
RyanWhat is the United Nations?
$601
AviWhat is NATO? s/o to all my teachers.... Ily all v much
$7,000
NATO (the North Atlantic Treaty Organization)

Final scores:

Avi Lucas Ryan
$24,200 $14,800 $15,999

Game dynamics:

Coryat scores:

Avi Lucas Ryan
$15,600 $8,800 $16,200
22 R
(including 1 DD),
1 W
13 R,
2 W
(including 1 DD)
17 R
(including 1 DD),
0 W

Combined Coryat: $40,600

[game clues] [game scores] [suggest correction]

Game tape date: 2018-12-11
The J! Archive is created by fans, for fans. Scraping, republication, monetization, and malicious use prohibited; this site may use cookies and collect identifying information. See terms. The Jeopardy! game show and all elements thereof, including but not limited to copyright and trademark thereto, are the property of Jeopardy Productions, Inc. and are protected under law. This website is not affiliated with, sponsored by, or operated by Jeopardy Productions, Inc. Join the discussion at JBoard.tv.